Κατάλογος Βιβλιοθηκών Mediterranean College

Μαθηματικά, φιλοσοφία και τεχνητή νοημοσύνη : (Record no. 9914)

MARC details
000 -LEADER
fixed length control field 04028nam a22002177a 4500
005 - ΗΜΕΡΟΜΗΝΙΑ ΚΑΙ ΩΡΑ ΤΕΛΕΥΤΑΙΑΣ ΕΝΗΜΕΡΩΣΗΣ
Πεδίο ελέγχου 20250902123129.0
006 - FIXED-LENGTH DATA ELEMENTS--ADDITIONAL MATERIAL CHARACTERISTICS
Πεδίο ελέγχου σταθερού μήκους a|||||r|||||||||||
008 - FIXED-LENGTH DATA ELEMENTS--GENERAL INFORMATION
Πεδίο ελέγχου σταθερού μήκους s2019||||gr e ||| gre |
020 ## - ISBN
ISBN 9786185027995
040 ## - ΠΗΓΗ ΚΑΤΑΛΟΓΟΓΡΑΦΗΣΗΣ
Γλώσσα καταλογογράφησης Ελληνικά, Μοντέρνα (1453-)
Φορέας πρωτότυπης καταλογογράφησης MC Athens Campus Library
Modifying agency MC Athens Campus Library
Κανόνες περιγραφικής καταλογογράφησης AACR2
041 1# - ΓΛΩΣΣΑ
Κωδικός γλώσσας πρωτότυπου Αγγλικά
245 00 - ΤΙΤΛΟΣ ΚΑΙ ΔΗΛΩΣΗ ΥΠΕΥΘΥΝΟΤΗΤΑΣ
Τίτλος Μαθηματικά, φιλοσοφία και τεχνητή νοημοσύνη :
Remainder of title Ένας διάλογος με τον Gian-Carlo Rota και τον David Sharp /
Statement of responsibility, etc. Gian Carlo Rota, David Sharp
260 ## - PUBLICATION, DISTRIBUTION, ETC.
Place of publication, distribution, etc. Αθήνα :
Name of publisher, distributor, etc. Ευρασία,
Date of publication, distribution, etc. 2019
300 ## - PHYSICAL DESCRIPTION
Extent 68 σ. ;
Διαστάσεις 14 εκ.
500 ## - GENERAL NOTE
Γενική σημείωση Τίτλος πρωτοτύπου: Mathematics, philosophy and artificial intelligence : a dialogue with Gian-Carlo Rota and David Sharp
520 ## - SUMMARY, ETC.
Summary, etc. Ο μαθηματικός Gian-Carlo Rota και ο θεωρητικός φυσικός David Sharp συζητούν, στο πλαίσιο μιας κοινής τους συνέντευξης στο περιοδικό Los Alamos Science, για τα Μαθηματικά και τους μαθηματικούς, τη φιλοσοφία και τους φιλοσόφους, την τεχνητή νοημοσύνη και τους ειδικούς στους υπολογιστές. Κατά την αναζήτηση τόσο των ορίων των Μαθηματικών, και ιδίως της μαθηματικής λογικής (στη σημερινή της μορφή), όσο και των αντίστοιχων της φιλοσοφίας, αναδεικνύονται οι σχέσεις των δύο αυτών γνωστικών αντικειμένων με τη φυσική, τη βιολογία, τη νευροφυσιολογία, την ψυχολογία και τη μαθηματική θεωρία της πληροφορίας. Αναπόφευκτα ο διάλογος φτάνει στο φλέγον ζήτημα της δημιουργίας της μηχανής που θα σκέφτεται και θίγεται κατά προορατικό τρόπο το ζήτημα της τεχνητής νοημοσύνης. Η εύρεση του αλγορίθμου βάσει του οποίου θα προγραμματίζεται μια τέτοια μηχανή προϋποθέτει την αξιοποίηση θεωριών και αποτελεσμάτων από πολλούς κλάδους των Μαθηματικών, όπως και της μαθηματικής λογικής, καθώς και της ψυχολογίας και της επιστήμης των νευρωνικών δικτύων. Το μείζον εμπόδιο που ανακύπτει έγκειται στην αδυναμία συμπερίληψης, κατά τον προγραμματισμό, όλων των συνιστωσών που θα καθιστούσαν τον αλγόριθμο ικανό να λάβει υπόψη του το περικείμενο. Άραγε, θα μπορέσει ποτέ μια μηχανή, που θα σχεδιαστεί από ένα νοήμον ον, να κρίνει ορθά τις συνθήκες και να λαμβάνει βάσει αυτών τις σωστές αποφάσεις; Παρότι από την εποχή που πραγματοποιήθηκε αυτός ο ζωηρός και ανεπιτήδευτος διάλογος μεταξύ του Rota και του Sharp έχουν περάσει πάνω από 30 χρόνια, στο διάστημα των οποίων έχει συντελεστεί αλματώδης πρόοδος στο πεδίο της τεχνητής νοημοσύνης, τα βασικά επιστημονικά ερωτήματα παραμένουν ανοικτά, ενώ οι αντίστοιχες φιλοσοφικές προκλήσεις, όσο ποτέ πριν, επίκαιρες.
650 #0 - SUBJECT ADDED ENTRY--TOPICAL TERM
Topical term or geographic name entry element Πληροφορική
9 (RLIN) 9850
700 ## - ΠΡΟΣΘΕΤΗ ΑΝΑΓΡΑΦΗ--ΦΥΣΙΚΟ ΠΡΟΣΩΠΟ
Personal name Σπανού, Ανδρομάχη
Σχέση Μεταφραστής
9 (RLIN) 10065
942 ## - ADDED ENTRY ELEMENTS (KOHA)
Koha item type Books
Holdings
Τύπος τεκμηρίου Βιβλιοθήκη Τρέχουσα τοποθεσία Barcode Αριθμός εισαγωγής Ημερομηνία απόκτησης Ταξιθετικό σύμβολο Αριθμός αντιτύπου Κατάσταση απόσυρσης Κατάσταση χαμένου Κατάσταση κατεστραμμένου Μη δανεισμός Σύνολο δανεισμών Ημερομηνία τελευταίας εμφάνισης Η τιμή ισχύει από
Books MC Athens Campus Library MC Athens Campus Library 9780000098856 8042 02/09/2025 510.1 ROT 1           02/09/2025 02/09/2025

MC Athens Campus Library
Πατησίων 94 & Κοδριγκτώνος 13, 104 34
Πελλήνης 8 & Πατησίων 107, 112 51
Τ: +30 210 8899600

MC Thessaloniki Campus Library
Ίωνος Δραγούμη 21, 54625 | Ίωνος Δραγούμη 15, 54625
Τ: +30 2310 287779 – Τ: +30 2314 440300